| 000 | 00567nam a2200181 i 4500 | ||
|---|---|---|---|
| 001 | 159197 | ||
| 003 | ES-MaACL | ||
| 005 | 20240516063101.0 | ||
| 008 | 040908s1897 fr |||| | fre d | ||
| 040 |
_aCAM _bspa _cCAM |
||
| 100 | 1 |
_aMaupassant, Guy de, _d1850-1893 _979214 |
|
| 245 | 1 | 4 |
_aLes soeurs Rondoli / _cGuy de Maupassant. |
| 250 | _a30e éd. | ||
| 260 |
_aParis : _bPaul Ollendorff, _c1897 ( _ftyp. Chamerot et Renouard) |
||
| 300 |
_a310 p. ; _c19 cm. |
||
| 852 |
_aES-MaACL _jB-3223 _z-- Enc. pasta española |
||
| 999 |
_c159197 _d159197 |
||